=LDR 00000nam 2200000 4500 =001 INLIS000000000033227 =005 20130612135208 =008 ***********************************ind** =035 ##$$0010-061300000033227 =041 ##$$a ind =082 ##$$a 634.902 6 =090 ##$$a 634.902 6, Sal,d =100 ##$$a Salim =245 ##$$a Dasar-Dasar Hukum Kehutanan, Salim =260 ##$$a 2006 $b Jakarta =300 ##$$a xiii,283 hlm., 21 cm =650 ##$$a Kehutanan-Undang-Undang-Peraturan =850 ##$$a NBPNMAT =990 ##$$a 21400613/BPAP-NTB/20142014 =990 ##$$a 21400613/BPAP-NTB/20142014 =990 ##$$a 21602296/BPAP-NTB/2017